Corporate insurance : (Record no. 133390)

MARC details
000 -LEADER
fixed length control field 00895nam a22002657a 4500
003 - CONTROL NUMBER IDENTIFIER
control field dpl0
005 - DATE AND TIME OF LATEST TRANSACTION
control field 20180716145839.0
008 - FIXED-LENGTH DATA ELEMENTS--GENERAL INFORMATION
fixed length control field 180716b xxu||||| |||| 00| 0 eng d0
010 ## - LIBRARY OF CONGRESS CONTROL NUMBER
LC control number B-192163,B-192167
020 ## - INTERNATIONAL STANDARD BOOK NUMBER
Terms of availability 00.00
International Standard Book Number 0070583498
035 ## - SYSTEM CONTROL NUMBER
System control number B-192163
037 ## - SOURCE OF ACQUISITION
Source of stock number/acquisition Cen Lib/Ret
040 ## - CATALOGING SOURCE
Original cataloging agency DPL
Language of cataloging EN
Transcribing agency 0
082 ## - DEWEY DECIMAL CLASSIFICATION NUMBER
Classification number 658.153
Item number KUM
100 ## - MAIN ENTRY--PERSONAL NAME
Personal name Kumaraswamy, Sharada
9 (RLIN) 37810
245 ## - TITLE STATEMENT
Title Corporate insurance :
Statement of responsibility, etc by Sharada Kumaraswamy [and] V. Kumaraswamy
Remainder of title a primer for business managers, CEOs and CFOs /
260 ## - PUBLICATION, DISTRIBUTION, ETC. (IMPRINT)
Place of publication, distribution, etc New Delhi
Name of publisher, distributor, etc Tata McGraw Hill Publishing Company
Date of publication, distribution, etc 2005
270 ## - ADDRESS
Address 7 West Patel Nagar
City New Delhi
Postal code 110008
300 ## - PHYSICAL DESCRIPTION
Extent 371p.
Dimensions 24cm(Hb)
500 ## - GENERAL NOTE
General note Includes glossary and index
650 ## - SUBJECT ADDED ENTRY--TOPICAL TERM
Topical term or geographic name as entry element Business studies
9 (RLIN) 91997
650 ## - SUBJECT ADDED ENTRY--TOPICAL TERM
Topical term or geographic name as entry element Cororate insurance
9 (RLIN) 37812
700 ## - ADDED ENTRY--PERSONAL NAME
Personal name Kumarswamy, V
9 (RLIN) 37813
942 ## - ADDED ENTRY ELEMENTS (KOHA)
Source of classification or shelving scheme Dewey Decimal Classification
Koha item type English Books
Classification part 658.153
Call number suffix KUM
Holdings
Withdrawn status Lost status Damaged status Not for loan Home library Current library Date acquired Source of acquisition Cost, normal purchase price Total Checkouts Full call number Barcode Date last seen Copy number Cost, replacement price Price effective from Koha item type Source of classification or shelving scheme Collection code
        Central Library Central Library 25/07/2015 Cen Lib/Ret 0.00   658.153 KUM B-192163 25/07/2015 1 0.00 25/07/2015 English Books    
        Sarojini Nagar Sarojini Nagar 13/04/2019       658.153 KUM B-192169 13/04/2019     13/04/2019 English Books Dewey Decimal Classification Non-fiction
        Tri Nagar Tri Nagar 16/07/2018 BPPD/pub 0.00   658.153 KUM B-192167 16/07/2018 1 0.00 16/07/2018 English Books Dewey Decimal Classification Non-fiction

© Delhi Public Library
Hit Counter
free hit counter